đŸŽ¶ Paroles "PrĂȘte-moi ta main" Renaud Detressan - Statistiques

Statistiques générales
  • Ce quiz a Ă©tĂ© pris 7 fois
  • Le rĂ©sultat moyen est 107 sur 214
Statistiques - réponses
Mots % Correct
Ă 
100%
a
100%
elle
100%
ils
100%
je
100%
Je
100%
L'
100%
l'
100%
m'
100%
ma
100%
main,
100%
moi
100%
Paris
100%
PrĂȘte-
100%
ta
100%
14
83%
d'
83%
de
83%
des
83%
en
83%
En
83%
est-
83%
les
83%
Les
83%
on
83%
qu'
83%
que
83%
Rimbaud,
83%
sa
83%
Shiva,
83%
un
83%
Un
83%
ce
67%
dans
67%
Gandhi
67%
la
67%
"la
67%
mes
67%
Ne
67%
ne
67%
Ont
67%
ont
67%
pas
67%
Pour
67%
qui
67%
au
50%
bras
50%
Ça
50%
comme
50%
Comme
50%
"Dieu
50%
donc
50%
du
50%
ĂȘtre
50%
Homme,
50%
matin
50%
novembre
50%
plus
50%
Quel
50%
Sans
50%
ses
50%
Si
50%
soi,
50%
son
50%
Suis
50%
cet
33%
Dieux
33%
dit-
33%
mots,
33%
mots
33%
sera
33%
serai
33%
serait-
33%
tous
33%
tout
33%
yeux
33%
appelle
17%
aube
17%
aussi,
17%
bandits ?
17%
beau
17%
bien,
17%
brin
17%
ceux
17%
Chacun
17%
chagrin
17%
chien
17%
copain
17%
crétin
17%
croire
17%
demande
17%
diable
17%
doute
17%
école
17%
épidémies
17%
étrange
17%
fera
17%
folie
17%
frĂšre,
17%
ignorent-
17%
mĂȘme
17%
moins
17%
parfum,
17%
part
17%
patte
17%
perdu
17%
pires
17%
pleurent
17%
pluie" ?
17%
poto,
17%
prient
17%
propre
17%
reconnaĂźtra
17%
rougis,
17%
serrer
17%
siens" ?
17%
sonné
17%
voudrais
17%
canin
0%
colĂšre,
0%
croyant
0%
dogmes
0%
doit
0%
élégance
0%
élevant
0%
esprit,
0%
essence,
0%
face
0%
haut
0%
maux ?
0%
mise
0%
mĂŽme,
0%
nigauds,
0%
pris
0%
tels
0%
vitesse
0%
voix
0%
Aucun quiz correspondant
Distribution des résultats
% des personnes avec chaque résultat
Percentile par nombre de réponses
Votre historique - résultats
Vous n’avez pas pris ce quiz